[Event "DEM U14w 2023"]
[Site "Willingen GER"]
[Date "2023.06.01"]
[Round "7"]
[White "Moldovan, Tatiana"]
[Black "Trunz, Tamila"]
[Result "0-1"]
[Termination "normal"]
[Board "2"]
[WhiteElo "1405"]
[BlackElo "1697"]
[WhiteClock "00:08:01"]
[BlackClock "00:11:33"]
[PlyCount "160"]
[WhiteFideId "16287398"]
[BlackFideId "16267885"]
[EventCountry "GER"]
[EventRounds "9"]
[EventType "swiss"]
[EventDate "2023.05.27"]

1. e4 {[%clk 01:30:56]} {[%emt 00:00:03]} c5 {[%clk 01:30:56]} {[%emt
00:00:05]} 2. Nc3 {[%clk 01:31:17]} {[%emt 00:00:08]} e6 {[%clk 01:31:15]}
{[%emt 00:00:12]} 3. Nf3 {[%clk 01:31:39]} {[%emt 00:00:07]} Nc6 {[%clk
01:31:38]} {[%emt 00:00:08]} 4. Bb5 {[%clk 01:31:46]} {[%emt 00:00:22]} Nge7
{[%clk 01:31:35]} {[%emt 00:00:32]} 5. Bxc6 {[%clk 01:31:13]} {[%emt 00:01:04]}
Nxc6 {[%clk 01:31:55]} {[%emt 00:00:10]} 6. d4 {[%clk 01:31:15]} {[%emt
00:00:29]} cxd4 {[%clk 01:31:59]} {[%emt 00:00:25]} 7. Nxd4 {[%clk 01:31:37]}
{[%emt 00:00:08]} Bc5 {[%clk 01:27:22]} {[%emt 00:05:08]} 8. Nf3 {[%clk
01:28:23]} {[%emt 00:03:43]} d6 {[%clk 01:21:39]} {[%emt 00:06:12]} 9. O-O
{[%clk 01:27:07]} {[%emt 00:01:47]} e5 {[%clk 01:20:48]} {[%emt 00:01:22]} 10.
Na4 {[%clk 01:26:21]} {[%emt 00:01:15]} Bb4 {[%clk 01:19:44]} {[%emt 00:01:34]}
11. a3 {[%clk 01:22:56]} {[%emt 00:03:55]} Ba5 {[%clk 01:18:05]} {[%emt
00:02:10]} 12. b4 {[%clk 01:22:17]} {[%emt 00:01:08]} Bc7 {[%clk 01:17:24]}
{[%emt 00:01:10]} 13. Nc3 {[%clk 01:20:19]} {[%emt 00:02:29]} Bg4 {[%clk
01:16:34]} {[%emt 00:01:20]} 14. Qd3 {[%clk 01:18:09]} {[%emt 00:02:39]} O-O
{[%clk 01:15:36]} {[%emt 00:01:30]} 15. Ne2 {[%clk 01:15:24]} {[%emt 00:03:14]}
f5 {[%clk 01:15:07]} {[%emt 00:00:59]} 16. exf5 {[%clk 01:11:22]} {[%emt
00:04:33]} Bxf5 {[%clk 01:15:27]} {[%emt 00:00:10]} 17. Qb3+ {[%clk 01:08:29]}
{[%emt 00:03:23]} Kh8 {[%clk 01:15:29]} {[%emt 00:00:28]} 18. Ng3 {[%clk
01:08:27]} {[%emt 00:00:32]} Bg4 {[%clk 01:14:05]} {[%emt 00:01:53]} 19. Ng5
{[%clk 01:07:06]} {[%emt 00:01:51]} Qe7 {[%clk 01:13:02]} {[%emt 00:01:32]} 20.
h3 {[%clk 01:05:55]} {[%emt 00:01:42]} Bd7 {[%clk 01:08:12]} {[%emt 00:05:20]}
21. Qd3 {[%clk 01:00:45]} {[%emt 00:05:40]} g6 {[%clk 01:07:23]} {[%emt
00:01:19]} 22. c3 {[%clk 00:56:17]} {[%emt 00:04:57]} Bb6 {[%clk 01:06:44]}
{[%emt 00:01:10]} 23. N5e4 {[%clk 00:54:51]} {[%emt 00:01:56]} Bc7 {[%clk
01:00:03]} {[%emt 00:07:11]} 24. Bg5 {[%clk 00:48:09]} {[%emt 00:07:12]} Qe6
{[%clk 00:56:28]} {[%emt 00:04:05]} 25. Bh6 {[%clk 00:46:51]} {[%emt 00:01:48]}
Rfd8 {[%clk 00:53:34]} {[%emt 00:03:23]} 26. Ng5 {[%clk 00:45:02]} {[%emt
00:02:19]} Qg8 {[%clk 00:50:33]} {[%emt 00:03:31]} 27. Qf3 {[%clk 00:39:47]}
{[%emt 00:05:44]} Rf8 {[%clk 00:50:56]} {[%emt 00:00:08]} 28. Bxf8 {[%clk
00:39:57]} {[%emt 00:00:20]} Rxf8 {[%clk 00:51:20]} {[%emt 00:00:06]} 29. Qd3
{[%clk 00:38:44]} {[%emt 00:01:42]} d5 {[%clk 00:48:05]} {[%emt 00:03:46]} 30.
Rad1 {[%clk 00:33:01]} {[%emt 00:06:12]} Ne7 {[%clk 00:46:37]} {[%emt
00:01:59]} 31. c4 {[%clk 00:31:02]} {[%emt 00:02:29]} Bc6 {[%clk 00:46:07]}
{[%emt 00:00:59]} 32. cxd5 {[%clk 00:30:59]} {[%emt 00:00:34]} Nxd5 {[%clk
00:45:45]} {[%emt 00:00:53]} 33. Qc4 {[%clk 00:27:48]} {[%emt 00:03:41]} Rf4
{[%clk 00:42:30]} {[%emt 00:03:45]} 34. N5e4 {[%clk 00:26:35]} {[%emt
00:01:43]} a6 {[%clk 00:41:29]} {[%emt 00:01:31]} 35. a4 {[%clk 00:22:01]}
{[%emt 00:05:04]} Nf6 {[%clk 00:34:13]} {[%emt 00:07:46]} 36. Qxg8+ {[%clk
00:22:07]} {[%emt 00:00:23]} Nxg8 {[%clk 00:34:05]} {[%emt 00:00:38]} 37. Rc1
{[%clk 00:20:13]} {[%emt 00:02:25]} Bb6 {[%clk 00:32:28]} {[%emt 00:02:07]} 38.
Nd6 {[%clk 00:18:22]} {[%emt 00:02:21]} Rxb4 {[%clk 00:29:58]} {[%emt
00:03:00]} 39. Rb1 {[%clk 00:17:40]} {[%emt 00:01:12]} Ba5 {[%clk 00:26:50]}
{[%emt 00:03:37]} 40. Rxb4 {[%clk 00:16:09]} {[%emt 00:02:01]} Bxb4 {[%clk
00:27:12]} {[%emt 00:00:09]} 41. Nge4 {[%clk 00:15:28]} {[%emt 00:01:10]} Kg7
{[%clk 00:24:45]} {[%emt 00:02:57]} 42. Rb1 {[%clk 00:15:23]} {[%emt 00:00:35]}
a5 {[%clk 00:24:50]} {[%emt 00:00:25]} 43. f3 {[%clk 00:14:14]} {[%emt
00:01:39]} Ne7 {[%clk 00:18:47]} {[%emt 00:06:33]} 44. Rc1 {[%clk 00:10:24]}
{[%emt 00:04:21]} Nd5 {[%clk 00:17:37]} {[%emt 00:01:39]} 45. Nc5 {[%clk
00:09:58]} {[%emt 00:00:57]} Nc3 {[%clk 00:16:59]} {[%emt 00:01:08]} 46. Rxc3
{[%clk 00:06:41]} {[%emt 00:03:46]} Bxc3 {[%clk 00:16:29]} {[%emt 00:00:59]}
47. Ndxb7 {[%clk 00:06:15]} {[%emt 00:00:57]} Kf6 {[%clk 00:11:05]} {[%emt
00:05:53]} 48. Ne4+ {[%clk 00:01:53]} {[%emt 00:04:53]} Bxe4 {[%clk 00:05:37]}
{[%emt 00:05:57]} 49. fxe4 {[%clk 00:02:19]} {[%emt 00:00:05]} Ke7 {[%clk
00:05:43]} {[%emt 00:00:24]} 50. Kh2 {[%clk 00:00:47]} {[%emt 00:02:03]} Bb4
{[%clk 00:05:56]} {[%emt 00:00:17]} 51. Kg3 {[%clk 00:01:03]} {[%emt 00:00:13]}
Kd7 {[%clk 00:05:23]} {[%emt 00:01:03]} 52. Kg4 {[%clk 00:01:23]} {[%emt
00:00:10]} h6 {[%clk 00:05:38]} {[%emt 00:00:15]} 53. h4 {[%clk 00:01:45]}
{[%emt 00:00:07]} Kc7 {[%clk 00:05:43]} {[%emt 00:00:26]} 54. Nxa5 {[%clk
00:02:04]} {[%emt 00:00:12]} Bxa5 {[%clk 00:06:04]} {[%emt 00:00:08]} 55. h5
{[%clk 00:02:30]} {[%emt 00:00:05]} gxh5+ {[%clk 00:05:40]} {[%emt 00:00:53]}
56. Kxh5 {[%clk 00:02:51]} {[%emt 00:00:09]} Bd2 {[%clk 00:06:02]} {[%emt
00:00:07]} 57. g3 {[%clk 00:01:30]} {[%emt 00:01:52]} Be1 {[%clk 00:06:00]}
{[%emt 00:00:32]} 58. g4 {[%clk 00:01:21]} {[%emt 00:00:39]} Bd2 {[%clk
00:06:17]} {[%emt 00:00:13]} 59. Kg6 {[%clk 00:01:04]} {[%emt 00:00:47]} Bf4
{[%clk 00:06:32]} {[%emt 00:00:14]} 60. Kf6 {[%clk 00:01:24]} {[%emt 00:00:10]}
Kb6 {[%clk 00:06:46]} {[%emt 00:00:17]} 61. Ke6 {[%clk 00:01:41]} {[%emt
00:00:12]} Ka5 {[%clk 00:06:56]} {[%emt 00:00:21]} 62. Kd5 {[%clk 00:02:04]}
{[%emt 00:00:07]} Kxa4 {[%clk 00:06:59]} {[%emt 00:00:28]} 63. Kc4 {[%clk
00:02:24]} {[%emt 00:00:09]} Bg3 {[%clk 00:07:02]} {[%emt 00:00:27]} 64. Kc3
{[%clk 00:02:46]} {[%emt 00:00:09]} Kb5 {[%clk 00:07:01]} {[%emt 00:00:30]} 65.
Kb3 {[%clk 00:02:57]} {[%emt 00:00:19]} Be1 {[%clk 00:07:13]} {[%emt 00:00:18]}
66. Kc2 {[%clk 00:03:02]} {[%emt 00:00:26]} Kc4 {[%clk 00:07:32]} {[%emt
00:00:10]} 67. Kd1 {[%clk 00:03:29]} {[%emt 00:00:03]} Kd3 {[%clk 00:07:32]}
{[%emt 00:00:30]} 68. Kxe1 {[%clk 00:03:49]} {[%emt 00:00:11]} Kxe4 {[%clk
00:07:49]} {[%emt 00:00:12]} 69. Ke2 {[%clk 00:04:17]} {[%emt 00:00:02]} Kf4
{[%clk 00:08:09]} {[%emt 00:00:10]} 70. Kf2 {[%clk 00:04:36]} {[%emt 00:00:10]}
Kxg4 {[%clk 00:08:34]} {[%emt 00:00:06]} 71. Kg2 {[%clk 00:05:03]} {[%emt
00:00:04]} h5 {[%clk 00:08:48]} {[%emt 00:00:15]} 72. Kf2 {[%clk 00:05:25]}
{[%emt 00:00:08]} h4 {[%clk 00:09:07]} {[%emt 00:00:12]} 73. Kg2 {[%clk
00:05:48]} {[%emt 00:00:07]} e4 {[%clk 00:09:20]} {[%emt 00:00:16]} 74. Kf2
{[%clk 00:06:12]} {[%emt 00:00:06]} h3 {[%clk 00:09:44]} {[%emt 00:00:06]} 75.
Kf1 {[%clk 00:06:18]} {[%emt 00:00:24]} Kf3 {[%clk 00:10:04]} {[%emt 00:00:10]}
76. Kg1 {[%clk 00:06:43]} {[%emt 00:00:04]} e3 {[%clk 00:10:25]} {[%emt
00:00:10]} 77. Kh2 {[%clk 00:06:44]} {[%emt 00:00:29]} e2 {[%clk 00:10:36]}
{[%emt 00:00:19]} 78. Kxh3 {[%clk 00:07:06]} {[%emt 00:00:08]} e1=Q {[%clk
00:10:56]} {[%emt 00:00:09]} 79. Kh2 {[%clk 00:07:34]} {[%emt 00:00:02]} Qg3+
{[%clk 00:11:11]} {[%emt 00:00:16]} 80. Kh1 {[%clk 00:08:01]} {[%emt 00:00:04]}
Qg2# {[%clk 00:11:33]} {[%emt 00:00:06]} 0-1

[Event "DEM U14w 2023"]
[Site "Willingen GER"]
[Date "2023.06.01"]
[Round "7"]
[White "Müller, Riyanna"]
[Black "Bezsonna, Polina"]
[Result "0-1"]
[Termination "normal"]
[Board "3"]
[WhiteElo "1687"]
[BlackElo "1629"]
[WhiteClock "00:02:02"]
[BlackClock "00:27:17"]
[PlyCount "56"]
[WhiteFideId "16287401"]
[BlackFideId "14191156"]
[EventCountry "GER"]
[EventRounds "9"]
[EventType "swiss"]
[EventDate "2023.05.27"]

1. d4 {[%clk 01:30:57]} {[%emt 00:00:02]} c5 {[%clk 01:30:48]} {[%emt
00:00:12]} 2. dxc5 {[%clk 01:31:16]} {[%emt 00:00:11]} e6 {[%clk 01:31:14]}
{[%emt 00:00:04]} 3. g3 {[%clk 01:31:08]} {[%emt 00:00:38]} Bxc5 {[%clk
01:31:21]} {[%emt 00:00:24]} 4. c4 {[%clk 01:31:00]} {[%emt 00:00:37]} d6
{[%clk 01:30:56]} {[%emt 00:00:55]} 5. Bg2 {[%clk 01:30:34]} {[%emt 00:00:56]}
f5 {[%clk 01:29:56]} {[%emt 00:01:30]} 6. Nc3 {[%clk 01:27:52]} {[%emt
00:03:12]} Nf6 {[%clk 01:25:01]} {[%emt 00:05:25]} 7. Nf3 {[%clk 01:24:26]}
{[%emt 00:03:56]} O-O {[%clk 01:21:17]} {[%emt 00:04:14]} 8. O-O {[%clk
01:23:07]} {[%emt 00:01:48]} Nc6 {[%clk 01:20:20]} {[%emt 00:01:27]} 9. a3
{[%clk 01:07:07]} {[%emt 00:16:32]} a5 {[%clk 01:18:16]} {[%emt 00:02:34]} 10.
Bf4 {[%clk 01:03:28]} {[%emt 00:04:08]} e5 {[%clk 01:17:31]} {[%emt 00:01:15]}
11. Bg5 {[%clk 01:02:23]} {[%emt 00:01:26]} Be6 {[%clk 01:13:42]} {[%emt
00:04:28]} 12. Bxf6 {[%clk 00:55:02]} {[%emt 00:07:51]} Qxf6 {[%clk 01:13:16]}
{[%emt 00:00:56]} 13. Nd5 {[%clk 00:55:08]} {[%emt 00:00:24]} Bxd5 {[%clk
01:12:51]} {[%emt 00:00:55]} 14. Qxd5+ {[%clk 00:54:54]} {[%emt 00:00:45]} Kh8
{[%clk 01:06:15]} {[%emt 00:07:05]} 15. e3 {[%clk 00:45:38]} {[%emt 00:09:46]}
e4 {[%clk 00:59:32]} {[%emt 00:07:13]} 16. Nd2 {[%clk 00:44:19]} {[%emt
00:01:49]} a4 {[%clk 00:53:50]} {[%emt 00:06:13]} 17. Bxe4 {[%clk 00:30:00]}
{[%emt 00:14:48]} fxe4 {[%clk 00:53:34]} {[%emt 00:00:45]} 18. Nxe4 {[%clk
00:30:25]} {[%emt 00:00:06]} Qe7 {[%clk 00:46:19]} {[%emt 00:07:44]} 19. Rad1
{[%clk 00:28:36]} {[%emt 00:02:16]} Rad8 {[%clk 00:45:00]} {[%emt 00:01:53]}
20. Nc3 {[%clk 00:26:57]} {[%emt 00:02:09]} Ne5 {[%clk 00:29:04]} {[%emt
00:16:26]} 21. Nxa4 {[%clk 00:26:27]} {[%emt 00:01:00]} Ng4 {[%clk 00:28:49]}
{[%emt 00:00:45]} 22. Nxc5 {[%clk 00:05:16]} {[%emt 00:21:41]} dxc5 {[%clk
00:29:02]} {[%emt 00:00:18]} 23. Qh5 {[%clk 00:05:25]} {[%emt 00:00:20]} Rxd1
{[%clk 00:28:13]} {[%emt 00:01:20]} 24. Rxd1 {[%clk 00:04:56]} {[%emt
00:00:58]} Nxf2 {[%clk 00:27:18]} {[%emt 00:01:25]} 25. Re1 {[%clk 00:04:46]}
{[%emt 00:00:38]} Qe4 {[%clk 00:26:52]} {[%emt 00:00:58]} 26. Kf1 {[%clk
00:02:18]} {[%emt 00:02:57]} Nd3+ {[%emt 00:00:55]} 27. Ke2 Nxe1 {[%clk
00:27:07]} {[%emt 00:00:14]} 28. Qxc5 {[%clk 00:02:02]} {[%emt 00:00:53]} Qd3+
{[%clk 00:27:17]} {[%emt 00:00:20]} 0-1

[Event "DEM U14w 2023"]
[Site "Willingen GER"]
[Date "2023.06.01"]
[Round "7"]
[White "Haug, Mara"]
[Black "Neininger, Sarah"]
[Result "1-0"]
[Termination "normal"]
[Board "4"]
[WhiteElo "1754"]
[BlackElo "1512"]
[WhiteClock "00:01:34"]
[BlackClock "00:00:51"]
[PlyCount "117"]
[WhiteFideId "16259300"]
[BlackFideId "16287410"]
[EventCountry "GER"]
[EventRounds "9"]
[EventType "swiss"]
[EventDate "2023.05.27"]

1. e4 {[%clk 01:30:57]} {[%emt 00:00:01]} e5 {[%clk 01:30:55]} {[%emt
00:00:05]} 2. Nc3 {[%clk 01:31:10]} {[%emt 00:00:17]} Nf6 {[%clk 01:31:19]}
{[%emt 00:00:07]} 3. g3 {[%clk 01:31:33]} {[%emt 00:00:07]} d5 {[%clk
01:31:44]} {[%emt 00:00:05]} 4. exd5 {[%clk 01:31:56]} {[%emt 00:00:07]} Nxd5
{[%clk 01:32:07]} {[%emt 00:00:07]} 5. Bg2 {[%clk 01:32:15]} {[%emt 00:00:10]}
Nxc3 {[%clk 01:32:31]} {[%emt 00:00:07]} 6. bxc3 {[%clk 01:32:37]} {[%emt
00:00:08]} Nc6 {[%clk 01:32:51]} {[%emt 00:00:10]} 7. Nf3 {[%clk 01:32:07]}
{[%emt 00:01:00]} Bc5 {[%clk 01:32:52]} {[%emt 00:00:29]} 8. O-O {[%clk
01:32:05]} {[%emt 00:00:31]} O-O {[%clk 01:33:12]} {[%emt 00:00:10]} 9. Re1
{[%clk 01:32:26]} {[%emt 00:00:09]} Bb6 {[%clk 01:33:24]} {[%emt 00:00:19]} 10.
d3 {[%clk 01:25:43]} {[%emt 00:07:13]} Re8 {[%clk 01:22:00]} {[%emt 00:11:54]}
11. Rb1 {[%clk 01:11:43]} {[%emt 00:14:30]} Bg4 {[%clk 01:17:37]} {[%emt
00:04:52]} 12. h3 {[%clk 01:06:27]} {[%emt 00:05:47]} Bf5 {[%clk 01:14:08]}
{[%emt 00:03:58]} 13. Ng5 {[%clk 00:59:33]} {[%emt 00:07:25]} Qd7 {[%clk
01:06:50]} {[%emt 00:07:47]} 14. g4 {[%clk 00:57:47]} {[%emt 00:02:16]} Bg6
{[%clk 00:53:11]} {[%emt 00:14:09]} 15. Qf3 {[%clk 00:50:33]} {[%emt 00:07:43]}
h6 {[%clk 00:47:08]} {[%emt 00:06:34]} 16. Ne4 {[%clk 00:50:07]} {[%emt
00:00:57]} f5 {[%clk 00:39:17]} {[%emt 00:08:21]} 17. Ng3 {[%clk 00:45:27]}
{[%emt 00:05:10]} e4 {[%clk 00:25:50]} {[%emt 00:13:56]} 18. dxe4 {[%clk
00:38:22]} {[%emt 00:07:34]} fxe4 {[%clk 00:25:35]} {[%emt 00:00:45]} 19. Qe2
{[%clk 00:31:50]} {[%emt 00:07:02]} Rf8 {[%clk 00:24:05]} {[%emt 00:02:00]} 20.
Be3 {[%clk 00:31:34]} {[%emt 00:00:47]} Qf7 {[%clk 00:19:01]} {[%emt 00:05:28]}
21. a3 {[%clk 00:22:24]} {[%emt 00:09:47]} Rae8 {[%clk 00:12:54]} {[%emt
00:06:35]} 22. Bxb6 {[%clk 00:16:56]} {[%emt 00:05:59]} cxb6 {[%clk 00:13:23]}
{[%emt 00:00:01]} 23. Nxe4 {[%clk 00:13:16]} {[%emt 00:04:10]} Re7 {[%clk
00:08:55]} {[%emt 00:04:58]} 24. f3 {[%clk 00:07:24]} {[%emt 00:06:23]} Ne5
{[%clk 00:07:27]} {[%emt 00:01:57]} 25. Rf1 {[%clk 00:07:10]} {[%emt 00:00:43]}
Nc4 {[%clk 00:07:30]} {[%emt 00:00:28]} 26. Rb4 {[%clk 00:04:52]} {[%emt
00:02:48]} Rc8 {[%clk 00:07:07]} {[%emt 00:00:47]} 27. a4 {[%clk 00:03:49]}
{[%emt 00:01:39]} Nd6 {[%clk 00:05:53]} {[%emt 00:01:37]} 28. Qd2 {[%clk
00:03:34]} {[%emt 00:00:52]} Nxe4 {[%clk 00:05:52]} {[%emt 00:00:31]} 29. fxe4
{[%clk 00:03:56]} {[%emt 00:00:08]} Qe6 {[%clk 00:05:46]} {[%emt 00:00:30]} 30.
Rd4 {[%clk 00:03:37]} {[%emt 00:00:54]} Bf7 {[%clk 00:04:03]} {[%emt 00:02:13]}
31. Qd3 {[%clk 00:02:30]} {[%emt 00:01:38]} Qc6 {[%clk 00:02:26]} {[%emt
00:01:53]} 32. Rd8+ {[%clk 00:00:57]} {[%emt 00:02:17]} Rxd8 {[%clk 00:02:40]}
{[%emt 00:00:16]} 33. Qxd8+ {[%clk 00:01:22]} {[%emt 00:00:05]} Re8 {[%clk
00:03:09]} {[%emt 00:00:02]} 34. Qd4 {[%clk 00:01:31]} {[%emt 00:00:18]} Rc8
{[%clk 00:03:01]} {[%emt 00:00:38]} 35. Rf3 {[%clk 00:01:33]} {[%emt 00:00:30]}
Qc4 {[%clk 00:03:10]} {[%emt 00:00:16]} 36. Qd7 {[%clk 00:01:26]} {[%emt
00:00:41]} Rc7 {[%clk 00:02:26]} {[%emt 00:01:13]} 37. Qd8+ {[%clk 00:01:54]}
{[%emt 00:00:04]} Kh7 {[%clk 00:02:49]} {[%emt 00:00:08]} 38. Rd3 {[%clk
00:01:50]} {[%emt 00:00:33]} Rc8 {[%clk 00:02:05]} {[%emt 00:01:08]} 39. Qd7
{[%clk 00:02:13]} {[%emt 00:00:14]} Rc7 {[%clk 00:02:04]} {[%emt 00:00:18]} 40.
Qf5+ {[%clk 00:01:01]} {[%emt 00:01:52]} Bg6 {[%clk 00:01:00]} {[%emt
00:01:36]} 41. Qe5 {[%clk 00:25:41]} {[%emt 00:05:49]} Rc5 {[%clk 00:27:08]}
{[%emt 00:04:16]} 42. Qb8 {[%clk 00:22:52]} {[%emt 00:03:25]} Rc8 {[%clk
00:07:07]} {[%emt 00:20:26]} 43. Qxb7 {[%clk 00:21:05]} {[%emt 00:02:22]} Qc5+
{[%clk 00:07:16]} {[%emt 00:00:22]} 44. Kh1 {[%clk 00:20:01]} {[%emt 00:01:33]}
Rf8 {[%clk 00:06:18]} {[%emt 00:01:27]} 45. Qd7 {[%clk 00:06:51]} {[%emt
00:13:40]} Qf2 {[%clk 00:01:06]} {[%emt 00:05:39]} 46. Qd4 {[%clk 00:04:06]}
{[%emt 00:03:19]} Qxc2 {[%clk 00:00:58]} {[%emt 00:00:39]} 47. Rd2 {[%clk
00:03:50]} {[%emt 00:00:45]} Qc1+ {[%clk 00:01:10]} {[%emt 00:00:17]} 48. Kh2
{[%clk 00:03:28]} {[%emt 00:00:55]} Qa3 {[%clk 00:01:18]} {[%emt 00:00:14]} 49.
Qb4 {[%clk 00:01:19]} {[%emt 00:02:46]} Qxb4 {[%clk 00:01:13]} {[%emt
00:00:36]} 50. cxb4 {[%emt 00:00:02]} Re8 {[%clk 00:01:29]} {[%emt 00:00:13]}
51. Rd4 {[%clk 00:01:51]} {[%emt 00:00:26]} Kg8 {[%clk 00:01:40]} {[%emt
00:00:20]} 52. Kg3 {[%clk 00:02:08]} {[%emt 00:00:12]} Kf7 {[%clk 00:00:43]}
{[%emt 00:01:28]} 53. Rd7+ {[%clk 00:01:36]} {[%emt 00:01:02]} Kf6 {[%clk
00:00:38]} {[%emt 00:00:34]} 54. Rxa7 {[%clk 00:01:16]} {[%emt 00:00:51]} Bxe4
{[%clk 00:00:59]} {[%emt 00:00:08]} 55. Ra6 {[%clk 00:01:22]} {[%emt 00:00:22]}
Bc2 {[%clk 00:00:43]} {[%emt 00:00:45]} 56. Rxb6+ {[%emt 00:00:29]} Kf7 {[%clk
00:00:50]} {[%emt 00:00:02]} 57. Bd5+ {[%clk 00:01:36]} {[%emt 00:00:41]} Kf8
{[%clk 00:01:02]} {[%emt 00:00:17]} 58. a5 {[%clk 00:01:55]} {[%emt 00:00:13]}
Rd8 {[%clk 00:00:51]} {[%emt 00:00:41]} 59. Bg2 {[%clk 00:01:34]} {[%emt
00:00:48]} 1-0

[Event "DEM U14w 2023"]
[Site "Willingen GER"]
[Date "2023.06.01"]
[Round "7"]
[White "Burlutskaia, Maria"]
[Black "Bauer, Laura Sophie"]
[Result "0-1"]
[Termination "normal"]
[Board "5"]
[WhiteElo "1510"]
[BlackElo "1627"]
[WhiteClock "00:33:17"]
[BlackClock "00:57:33"]
[PlyCount "74"]
[WhiteFideId "34607137"]
[BlackFideId "16253647"]
[EventCountry "GER"]
[EventRounds "9"]
[EventType "swiss"]
[EventDate "2023.05.27"]

{[%evp 0,36,22,22,44,44,109,54,51,38,27,25,22,17,21,5,5,1,41,30,30,30,78,62,60,
66,57,37,24,37,36,9,1,-2,-1,8,0,-2,2]} 1. e4 c5 {[%emt 0:00:06]} 2. Nc3 {[%emt
0:00:04]} g6 {[%emt 0:00:07]} 3. f4 {[%emt 0:00:08]} Bg7 {[%emt 0:00:05]} 4.
Nf3 {[%emt 0:00:04]} Nc6 {[%emt 0:00:06]} 5. Bb5 {[%emt 0:00:05]} Nd4 {[%emt
0:00:07]} 6. O-O {[%emt 0:00:05]} Nxb5 {[%emt 0:00:07]} 7. Nxb5 {[%emt
0:00:05]} d5 {[%emt 0:00:13]} 8. e5 {[%emt 0:00:11]} a6 {[%emt 0:00:59]} 9. Nc3
{[%emt 0:00:48]} e6 {[%emt 0:00:52]} 10. d4 {[%emt 0:01:14]} c4 {[%emt
0:03:33]} 11. b3 {[%emt 0:00:54]} Qc7 {[%emt 0:01:58]} 12. Ne2 {[%emt 0:02:52]}
Ne7 {[%emt 0:02:46]} 13. Ng3 {[%emt 0:01:07]} Bd7 {[%emt 0:01:46]} 14. Ba3
{[%emt 0:01:56]} cxb3 {[%emt 0:07:05]} 15. axb3 {[%emt 0:09:00]} Bb5 {[%emt
0:02:06]} 16. Rf2 {[%emt 0:27:02]} O-O {[%emt 0:08:26]} 17. Rc1 {[%emt
0:07:08]} Rfe8 {[%emt 0:02:32]} 18. Nd2 {[%emt 0:13:34]} Qa5 {[%emt 0:08:59]}
19. Bc5 Nc6 20. c4 dxc4 21. Ra1 Qc3 22. Rf3 Qb2 23. Ne2 cxb3 24. Nc3 Qc2 25.
Nxb5 axb5 26. Qxc2 Rxa1+ 27. Qb1 Rxb1+ 28. Nxb1 Rd8 29. Rxb3 Nxd4 30. Bxd4 Rxd4
31. g3 b4 32. Kf2 Bf8 33. Ke3 Bc5 34. Nd2 b6 35. Ne4 Rd1+ 36. Kf3 Ra1 37. Ke2
Ra3 0-1